Statistiken für Einige der berühmten Sehenswürdigkeiten

Klicken Sie hier um das Quiz zu spielen!

Allgemein

  • Dieses Quiz wurde 58 mal gespielt
  • Das Durchschnittsergebnis liegt bei 6 aus 15

Antwortstatistiken

Antwort% Korrekt
Eiffelturm, Frankreich
91%
Taj mahal, Indien
80%
Kolosseum, Italien
78%
Freiheitsstatue, USA
74%
Die Große Mauer, china
43%
Machu Picchu, Peru
39%
Louvre, Frankreich
37%
Petra, Jordanien
37%
Akropolis, Griechenland
24%
Christusstatue, Brasilien
20%
Kaaba, Saudi arabien
15%
Sagrada Família, Spanien
13%
Petersdom, Vatikan
11%
Tower Bridge, Großbritanien
2%
Al-Aqsa-Moschee, palästia
0%

Verteilung der Resultate

Perzentil nach korrekt beantworteten Fragen

Anzahl Personen mit jedem Resultat

Ihre Resultats-Entwicklung

Sie haben dieses Quiz noch nicht gespielt